000 00665 a2200181 4500
003 Nust
005 20230504125659.0
040 _cNust
082 _a973,ING
100 _aH.L .Ingle
_9112111
245 _aAmerican History: A brief view through reconstruction /
_cH.L.Ingle
260 _aBoston,
_bLittle Brown Cop,
_c1978.
300 _axi,291,lx, p.
505 _aGenesis (Page-1), Revolutionary (Page-55), Experiment in Nation Building (Page-103), Toward a National Unity (Page-157), Toward Sectional Division (Page-205), Civil War and Beyond (Page-247).
600 _aH.L.Ingle
_9112112
650 _aAmerican History
_9109008
942 _2ddc
_cBK
_k973,ING
999 _c187179
_d187179